The study of psychiatry, (Record no. 38894)

MARC details
000 -LEADER
fixed length control field 00648cam a22002291 4500
001 - CONTROL NUMBER
control field med48000516
003 - CONTROL NUMBER IDENTIFIER
control field DLC
005 - DATE AND TIME OF LATEST TRANSACTION
control field 20260227111609.0
008 - FIXED-LENGTH DATA ELEMENTS--GENERAL INFORMATION
fixed length control field 810920s1947 xx 000 0 eng
010 ## - LIBRARY OF CONGRESS CONTROL NUMBER
LC control number med48000516
035 ## - SYSTEM CONTROL NUMBER
System control number (OCoLC)14752262
040 ## - CATALOGING SOURCE
Original cataloging agency DLC
Transcribing agency DNLM
Modifying agency DLC
042 ## - AUTHENTICATION CODE
Authentication code premarc
050 00 - LIBRARY OF CONGRESS CALL NUMBER
Classification number RC358
Item number .S8
060 00 - NATIONAL LIBRARY OF MEDICINE CALL NUMBER
Classification number WM 9
Item number S949s 1947
060 00 - NATIONAL LIBRARY OF MEDICINE CALL NUMBER
Classification number Film 7339 no. 8
100 1# - MAIN ENTRY--PERSONAL NAME
Personal name Sullivan, Harry Stack,
Dates associated with a name 1892-1949.
245 14 - TITLE STATEMENT
Title The study of psychiatry,
Remainder of title three orienting lectures.
260 ## - PUBLICATION, DISTRIBUTION, ETC.
Place of publication, distribution, etc. Washington,
Name of publisher, distributor, etc. Washington School of Psychiatry,
Date of publication, distribution, etc. c1947.
300 ## - PHYSICAL DESCRIPTION
Extent 57 l.
500 ## - GENERAL NOTE
General note Microfilmed for preservation
Institution to which field applies DNLM

No items available.

Powered by Koha